00787nam a2200205Ia 4500003000900000008004100009020001800050040001600068080002300084111006600107245019900173260003400372300001300406490003900419650004100458650001900499650001700518650002200535700002400557IN-BaIIA211028s9999 xx 000 0 eng d a3-540-54383-X cIIA Library a523.98(082.2)bUCH aInternational Solar-A Science meetingcJapand1990 Oct. 23-26 0aFlare physics in solar activity maximum 22bproceedings of the International Solar-A Science meeting held at Tokyo, Japan, 23-26 October 1990cedited by Yutaka Uchida  aBerlinbSpringer-Verlagc1991 ax, 360p. aLecture notes in physics; vol. 387 aAstronomy and Astrophysics Thesaurus aSolar Activity aSolar Flares aSolar Prominences aUchida, Yutaka, ed.